Human physiology : (Record no. 13526)

MARC details
000 -LEADER
fixed length control field 01089pam a2200277 a 4500
001 - CONTROL NUMBER
control field 1652641
003 - CONTROL NUMBER IDENTIFIER
control field mut
005 - DATE AND TIME OF LATEST TRANSACTION
control field 20240606081252.0
008 - FIXED-LENGTH DATA ELEMENTS--GENERAL INFORMATION
fixed length control field 970415s1998 njua b 001 0 eng c
010 ## - LIBRARY OF CONGRESS CONTROL NUMBER
LC control number 97016184
020 ## - INTERNATIONAL STANDARD BOOK NUMBER
International Standard Book Number 0132625288 (alk. paper)
040 ## - CATALOGING SOURCE
Original cataloging agency DNLM/DLC
Transcribing agency mut
Modifying agency DLC
050 00 - LIBRARY OF CONGRESS CALL NUMBER
Classification number QP 34.5
Item number .S55 1998
060 10 - NATIONAL LIBRARY OF MEDICINE CALL NUMBER
Classification number QT 104 S587h 1997
082 00 - DEWEY DECIMAL CLASSIFICATION NUMBER
Classification number 612
Edition information 21
100 1# - MAIN ENTRY--PERSONAL NAME
Personal name Silverthorn, Dee Unglaub,
Dates associated with a name 1948-
245 10 - TITLE STATEMENT
Title Human physiology :
Remainder of title an integrated approach /
260 ## - PUBLICATION, DISTRIBUTION, ETC.
Place of publication, distribution, etc. Upper Saddle River, N.J. :
Name of publisher, distributor, etc. Prentice Hall,
Date of publication, distribution, etc. c1998.
300 ## - PHYSICAL DESCRIPTION
Extent xxx, 783 p. :
Other physical details ill. (some col.) ;
Dimensions 29 cm.
504 ## - BIBLIOGRAPHY, ETC. NOTE
Bibliography, etc. note Includes bibliographical references and index.
650 #0 - SUBJECT ADDED ENTRY--TOPICAL TERM
Topical term or geographic name entry element Human physiology.
650 12 - SUBJECT ADDED ENTRY--TOPICAL TERM
Topical term or geographic name entry element Physiology.
906 ## - LOCAL DATA ELEMENT F, LDF (RLIN)
a 7
b cbc
c orignew
d 1
e ocip
f 19
g y-gencatlg
942 ## - ADDED ENTRY ELEMENTS (KOHA)
Source of classification or shelving scheme Library of Congress Classification
Koha item type Books
Holdings
Withdrawn status Lost status Source of classification or shelving scheme Damaged status Not for loan Home library Current library Shelving location Date acquired Source of acquisition Total checkouts Full call number Barcode Date last seen Price effective from Koha item type
    Library of Congress Classification     Murang'a University of Technology Library Murang'a University of Technology Library General stacks 16/10/2017 Donation-TFC   QP 34.5 .S55 1998 015868 30/08/2024 16/10/2017 Books
    Library of Congress Classification     Murang'a University of Technology Library Murang'a University of Technology Library General stacks 09/07/2018 Donation from-TFC   QP 34.5 .S55 1998 022911 30/08/2024 09/07/2018 Books